LEADER 00801nam a2200193 i 4500 001 000000212298 003 CaOOAMICUS 005 20120404000000.0 008 120404s1806 it u000 u ita u 013 $a191129 026 $alan- n-di ino- iniC (3) 1806 (R) 040 $aSeMil$bita 100 1 $aRosmini, Carlo : de',$d<1758-1827>.$0(OLS)http://semarc/name/11930 245 10$aVol. 2. 300 $a208 p. 773 0 $aRosmini, Carlo : de' <1758-1827>$tVita e disciplina di Guarino Veronese e de' suoi discepoli libri quattro del cavaliere Carlo De' Rosmini roveretano. Volume 1. [-3.].$dBrescia : Nicoḷ Bettoni, 1805-1806.$g2$w()26573 850 $aSeMil 852 $aSeMil$W1$xVenegono$y1$m1Y V 15 FA$j162732$B162732$CSeMilBibl$Z2$F173930 $8I 996 $6245$aVol. 2$9(OLS)http://semarc/title/13458 LEADER 01075nam a2200241 i 4500 001 000000054128 003 CaOOAMICUS 005 20120215000000.0 008 120215s1921 it u000 u lat u 013 $a25300 040 $aSeMil$bita 100 1 $aLivius, Titus,$d<59 a.C.-17.d.C.>.$0(OLS)http://semarc/name/3415 245 13$aIl Libro 2. delle storie /$cdi Tito Livio ; commentato da Enrico Cocchia. 250 $a2. ed. accuratamente riveduta ed emendata (Ristampa). 260 $aTorino :$bGiovanni Chiantore,$c1921. 300 $aVIII, 207 p. ;$c21 cm. 490 0 $aCollezione di classici greci e latini con note italiane 700 1 $aCocchia, Enrico <1859-1930>.$0(OLS)http://semarc/name/9294 830 0$aCollezione di classici greci e latini con note italiane.$0(OLS)http://semarc/title/8529 850 $aSeMil 852 $aSeMil$W1$xVenegono$y1$m1X II 74/2 FA$j20282$B20282$CSeMilBibl$Z2$F20284 $8I 996 $6245$aIl Libro 2. delle storie$9(OLS)http://semarc/title/83689 996 $6260$aTorino :$bGiovanni Chiantore$9(OLS)http://semarc/publisher/30511